000 00452nam a2200157Ia 4500
008 151213s9999 xx 000 0 und d
020 _a984-4002559
100 _aA.T.M.Faizul Haque, Md. Liton Ali
245 _aIntroduction To Business
_cA.T.M.Faizul Haque, Md. Liton Ali
260 _aDhaka
_bAbir Publications
_c2007
300 _a5214 p.
650 _aBusiness
650 _aBusiness
700 _aA.T.M.Faizul Haque, Md. Liton Ali
999 _c3218
_d3218